004340000a22001210004500090001700000245007100017041001400088700004200102100003900144942001300183773009900196999001700295 aASbSeriadas10aNueva especie de Condylopodim (Asteraceae-Eupatorieae) de Colombia0 aEspañol1 aMández Ramírez, Gina Paola9998211 aDíaz Piedrahita, Santiago995842 cARTICULO1 tRevista de Academia Colombiana de Ciencias Exactas, Físicas y Naturalesh90q45-49d2000g24 c15552d15552